000 00669nam a2200241Ia 4500
003 OSt
005 20221005133553.0
006 a|||||r|||| 00| 0
007 ta
008 221004b |||||||| |||| 00| 0 hin d
024 _a22251
037 _cTextual
040 _aCRL
_cCRL
_bhin
041 _2hin
_ahin
082 _aO168, J6
100 _aसक्सेना, राम
245 0 _aतारीखें अदब उर्दू
246 _aTārīkhean adab urdū
260 _c1956
650 _aउर्दू साहित्य
942 _hO168, J6
_cTEXL
_2cc
999 _c1067250
_d1067250